Dopad výroby ferozliatin na pracovné a životné prostredie : Diplomová práca

Guardado en:
Detalles Bibliográficos
Autores principales: Jackulík, Peter (Autor), Peter, Alexander (Autor)
Formato: Manuscrito Libro
Lenguaje:eslovaco
Publicado: Trnava : STU v Bratislave MtF KEBI, 2004
Materias:
Etiquetas: Agregar Etiqueta
Sin Etiquetas, Sea el primero en etiquetar este registro!

MARC

LEADER 00000ntm a22000003a 4500
001 stu90754
005 20160719154640.8
008 041006s2004----xo------------------slo-d
040 |a STU  |b slo 
041 0 |a slo 
044 |a xo 
100 1 |a Jackulík, Peter  |4 aut 
245 1 |a Dopad výroby ferozliatin na pracovné a životné prostredie :  |b Diplomová práca 
260 |a Trnava :  |b STU v Bratislave MtF KEBI,  |c 2004 
300 |a 118 s  |c príl (1 CD) 
650 7 |a inžinierstvo životného prostredia  |2 stusub 
650 7 |a BOZP  |2 stusub 
650 7 |a ferozliatiny  |2 stusub 
700 1 |a Peter, Alexander  |4 aut 
996 |b 284M060540  |c M*DP-5367  |l MMSKP  |s P  |a 0  |w stu90754_0001